000 00484nam a22001817a 4500
005 20240314112528.0
008 240314b |||||||| |||| 00| 0 eng d
040 _aLoreto College
041 _aEnglish
082 _a170
_bGRA
100 _aGracias, Valerian Cardinal
245 _aThe decline of public morals
_ba course of addresses
_cValerian Cardinal Gracias
260 _aBombay
_bLENT
_c1959
300 _a146p.
_b21cm.
650 _aEthics
850 _aLCLIB
942 _cBK
999 _c43697
_d94176